000 00510nam a2200193Ia 4500
005 20240823060112.0
008 240823s9999||||xx |||||||||||||| ||und||
041 _aENGLISH
082 _A027.70954 P1
100 _aMoorthy A L
245 0 _aRole of University and College Libraries in the Changing Information Scenario
250 _a1st
260 _c2001
_bIndian Library Associ
500 _aYES
650 _aLibrary Science
_bGeneral
700 _a Sankra Reddy M
942 _cBK
999 _c230340
_d230340